000 00544nam a22001697a 4500
008 151027b xxu||||| |||| 00| 0 eng d
020 _a9789966258984
050 _aAFR PR 6029 .O79 2015
100 _aOrwell, George.
_d2015.
245 _aAnimal Farm
_cGeorge, Orwell.
260 _aKampala,
_bEast African Educational Publishers Ltd,
_c2015.
300 _axvi, 104p.
_c18cm.
650 _aDomestic animals
650 _aTotalitarianism
650 _aPolitical fiction
942 _2lcc
_cSH_L_BOOKS
_hAFR PR 6029 .O79 2015
_01
999 _c9453
_d9453